General Shop / (Record no. 184997)
[ view plain ]
| 000 -LEADER | |
|---|---|
| fixed length control field | 00747 a2200181 4500 |
| 003 - CONTROL NUMBER IDENTIFIER | |
| control field | Nust |
| 005 - DATE AND TIME OF LATEST TRANSACTION | |
| control field | 20230119143307.0 |
| 020 ## - INTERNATIONAL STANDARD BOOK NUMBER | |
| International Standard Book Number | 070249571 |
| 040 ## - CATALOGING SOURCE | |
| Transcribing agency | Nust |
| 082 ## - DEWEY DECIMAL CLASSIFICATION NUMBER | |
| Classification number | 670,GRO |
| 100 ## - MAIN ENTRY--PERSONAL NAME | |
| Personal name | H.Groneman, Chris |
| 9 (RLIN) | 107135 |
| 245 ## - TITLE STATEMENT | |
| Title | General Shop / |
| Statement of responsibility, etc. | Chris H.Groneman & John L.Feire |
| 250 ## - EDITION STATEMENT | |
| Edition statement | 4th Ed |
| 260 ## - PUBLICATION, DISTRIBUTION, ETC. | |
| Place of publication, distribution, etc. | New York |
| Name of publisher, distributor, etc. | McGraw-Hill Book Company |
| Date of publication, distribution, etc. | 1969 |
| 300 ## - PHYSICAL DESCRIPTION | |
| Extent | x, 534 p |
| 505 ## - FORMATTED CONTENTS NOTE | |
| Formatted contents note | Elements of Industry (Page-16), Drawing and Planning (Page-53), Woods (Page-103), Metalworking (Page-198), Electricity and Electronics (Page-270), Power Mechanics (Page-319), Graphic Arts (Page-358), Plastics (Page-400), Leather (Page-430), Ceramics (Page-457), Home Maintenance (Page-488), Suggested Projects (Page-496). |
| 942 ## - ADDED ENTRY ELEMENTS (KOHA) | |
| Source of classification or shelving scheme | |
| Koha item type | Book |
| Withdrawn status | Lost status | Source of classification or shelving scheme | Damaged status | Not for loan | Permanent Location | Current Location | Shelving location | Date acquired | Full call number | Barcode | Date last seen | Price effective from | Koha item type | Public note |
|---|---|---|---|---|---|---|---|---|---|---|---|---|---|---|
| Military College of Signals (MCS) | Military College of Signals (MCS) | General Stacks | 12/12/2016 | 670,GRO | MCS20601 | 12/08/2016 | 12/12/2016 | Book | Almirah No.75, Shelf No.2 | |||||
| Military College of Signals (MCS) | Military College of Signals (MCS) | General Stacks | 12/12/2016 | 670,GRO | MCS20738 | 12/08/2016 | 12/12/2016 | Book | Almirah No.55, Shelf No.4 |
